| 000 | 00778nam a2200253 a 4500 | ||
|---|---|---|---|
| 003 | MX-MxUPN | ||
| 005 | 20241002153720.0 | ||
| 008 | 991125s1953 ii fr 001 0 eng d | ||
| 035 | _aUPN01000057857 | ||
| 040 |
_aMX-MxUPN _bspa _cMX-MxUPN |
||
| 041 | _aeng | ||
| 050 | 4 |
_aLC178 G7 _bD69 |
|
| 100 | 1 |
_aDongerkery, S.R., _d1898- _q(Sunderrao Ramrao), _953854 |
|
| 245 | 1 | 0 | _aUniversities in Britain |
| 250 | _aFirst published | ||
| 260 |
_aBombay : _bOxford University press, _c1953. |
||
| 300 | _axiv,143 páginas | ||
| 504 | _aIncluye índice. | ||
| 650 | 4 |
_aUniversidades y Colegios _zGran Betraña _953845 |
|
| 710 | 2 |
_951335 _aMuseo Pedagógico Nacional (México) _epropietario anterior |
|
| 902 | _bMaríaRobles/021024 | ||
| 905 | _aLibro | ||
| 942 |
_2lcc _cLIBRO _n0 |
||
| 999 |
_c57857 _d57857 |
||